Loading...
Nizhalinte satyam /
| Hovedforfatter: | |
|---|---|
| Format: | Printed Book |
| Sprog: | Malayalam |
| Udgivet: |
1987.
|
| LEADER | 00422nam a2200133Ia 4500 | ||
|---|---|---|---|
| 008 | 150624b xxu||||| |||| 00| | mal d | ||
| 082 | |a 791.43 | ||
| 100 | |a Johny, O. K. | ||
| 245 | |c O. K. Johny |a Nizhalinte satyam / | ||
| 260 | |c 1987. | ||
| 546 | |a In Malayalam. | ||
| 942 | |c BK | ||
| 999 | |c 81501 |d 81501 | ||
| 952 | |0 1 |1 0 |4 0 |6 791_430000000000000_JOH_N_M |7 0 |9 81445 |a UL |b UL |c ST1 |d 1998-08-28 |l 0 |o 791.43 JOH/N M |p 61017 |r 2012-10-27 |w 2012-10-27 |y BK | ||